| 000 | 00581 a2200205 4500 | ||
|---|---|---|---|
| 005 | 20240516112426.0 | ||
| 010 | _aB-759066 | ||
| 020 |
_a8190066900 _c1500.00 |
||
| 035 | _aB-759066 | ||
| 037 | _bGift/Unesco | ||
| 082 | _a320.954 | ||
| 100 |
_aHD Singh _966269 |
||
| 245 |
_a543 Faces Of India / _cHD Singh |
||
| 260 |
_aNew Delhi _bNewsmen Publishers _c1996 |
||
| 270 |
_a195 Kailash Hills _bNew Delhi _e110065 |
||
| 300 |
_a331p. _c29cm (Hb) |
||
| 700 | _966089 | ||
| 942 |
_adpl _cEN _2ddc _h320.954 _mHDS |
||
| 999 |
_c202887 _d202887 |
||